Größte Städte von den Niederlanden - Statistiken

Allgemein
  • Dieses Quiz wurde 88 mal gespielt
  • Das Durchschnittsergebnis liegt bei 5 aus 8
Antwortstatistiken
Einwohner Stadt % Korrekt
934.927 Amsterdam
100%
671.125 Rotterdam
98%
565.701 Den Haag
81%
246.443 Eindhoven
78%
243.833 Groningen
65%
374.411 Utrecht
65%
229.797 Tilburg
31%
226.630 Almere
20%
Keine übereinstimmenden Quizze gefunden
Verteilung der Resultate
Anzahl Personen mit jedem Resultat
Perzentil nach korrekt beantworteten Fragen
Ihre Resultats-Entwicklung
Sie haben dieses Quiz noch nicht gespielt